Discursos en Bogotá

Guardat en:
Dades bibliogràfiques
Autor principal: Pablo VI (Paulo VI), Papa (autor)
Format: Llibre
Idioma:espanyol
Publicat: Santiago Paulinas 1968
Col·lecció:Colección Magisterium
Matèries:
Etiquetes: Afegir etiqueta
Sense etiquetes, Sigues el primer a etiquetar aquest registre!

MARC

LEADER 00000nam a2200000 a 4500
001 UCL3655
003 CL-VaPUC
008 031205e19680000CL |||||||||||||||||spa|d
082 0 4 |a 262.91  |b PAB  |2 21 
100 |a Pablo VI  |q (Paulo VI),  |c Papa  |e autor  |9 476995 
245 1 0 |a Discursos en Bogotá 
300 |a 69 p 
942 |c BK 
945 |d 20031205 00:00:00  |a vberengu 
260 |a Santiago  |b Paulinas  |c 1968 
650 0 |a Documentos pontificios   |9 255642 
651 0 |a Colombia  |9 256424 
583 |a last modification  |c 20031205 00:00:00  |k Rodrigo Vera 
490 0 |a Colección Magisterium 
999 |c 306670  |d 306668 
952 |0 0  |1 0  |4 0  |6 262_910000000000000_PAB_1968  |7 0  |8 A  |9 371846  |a BIBTEO  |b BIBTEO  |d 2019-11-21  |i 2096862  |o 262.91 PAB 1968  |p 2096862  |r 2025-01-17  |w 2019-11-21  |y BK  |k ICR 
952 |0 0  |1 0  |4 0  |6 262_910000000000000_PAB_1968  |7 0  |8 A  |9 371847  |a BIBTEO  |b BIBTEO  |d 2019-11-21  |i 2101734  |o 262.91 PAB 1968  |p 2101734  |r 2025-01-17  |w 2019-11-21  |y BK  |k ICR